| 000 | 00618nam a2200229Ia 4500 | ||
|---|---|---|---|
| 003 | OSt | ||
| 005 | 20220928122327.0 | ||
| 006 | a|||||r|||| 00| 0 | ||
| 007 | ta | ||
| 008 | 220927b |||||||| |||| 00| 0 eng d | ||
| 024 | _a50230 | ||
| 037 | _cTextual | ||
| 040 |
_aSDCL _cSDCL _beng |
||
| 041 |
_2eng _aeng |
||
| 082 | _aV4:51'N8, M1 | ||
| 100 |
_aJeffrey Robin Ed. _9416938 |
||
| 245 | 0 |
_aAsia _b The winning of independence |
|
| 260 |
_aLondon _bMacmillan Press _c1981 |
||
| 300 |
_axiv,335p _ccm. |
||
| 942 |
_hV4:51'N8, M1 _cTEXL _2CC |
||
| 999 |
_c770884 _d770884 |
||